LIBRARY & INFORMATION CENTRE, KCAET, TAVANUR

ONLINE PUBLIC ACCESS CATALOGUE (OPAC)

Working with Unix / (Record no. 9745)

MARC details
000 -LEADER
fixed length control field 00522cam a2200205ua 4500
041 ## - LANGUAGE CODE
Language code of text/sound track or separate title eng
082 ## - DEWEY DECIMAL CLASSIFICATION NUMBER
Classification number 005.43
Item number THA/WO
100 ## - MAIN ENTRY--AUTHOR NAME
Personal name Thakker, Kaushal .
245 ## - TITLE STATEMENT
Title Working with Unix /
260 ## - PUBLICATION, DISTRIBUTION, ETC. (IMPRINT)
Place of publication New Delhi :
Name of publisher B P B Publishers ,
Year of publication 1993.
300 ## - PHYSICAL DESCRIPTION
Number of Pages 523 ; .
700 1# - ADDED ENTRY--PERSONAL NAME
Personal name Dattani, Kiran .
700 1# - ADDED ENTRY--PERSONAL NAME
Personal name Malani, Ashish .
700 1# - ADDED ENTRY--PERSONAL NAME
Personal name Mirchandeeni, Ramesh .
942 ## - ADDED ENTRY ELEMENTS (KOHA)
Koha item type Books
Holdings
Withdrawn status Lost status Damaged status Home library Current library Date acquired Full call number Accession Number Koha item type
      KAUAET KAUAET 07/04/2012 005.43 20133 Books
free website counter